Chế tạo và nghiên cứu tính chất phát quang của các dải băng Nano ZnS /

Tallennettuna:
Bibliografiset tiedot
Päätekijä: .
Muut tekijät: Ngô Xuân Đại., Nguyễn Hoàng Nam., Nguyễn Ngọc Long., Nguyễn Thị Thục Hiền.
Aineistotyyppi: Artikkeli
Kieli:Vietnamese
Tagit: Lisää tagi
Ei tageja, Lisää ensimmäinen tagi!
Thư viện lưu trữ: Thư viện Trường Đại học Đà Lạt
LEADER 00963nam a2200277 4500
001 DLU120142686
005 ##20121022
040 # # |a DLU  |b vie 
041 # # |a vie 
044 # # |a vn 
100 # # |a . 
245 # # |a Chế tạo và nghiên cứu tính chất phát quang của các dải băng Nano ZnS /  |c Ngô Xuân Đại, ...[và những người khác]. 
700 # # |a Ngô Xuân Đại. 
700 # # |a Nguyễn Hoàng Nam. 
700 # # |a Nguyễn Ngọc Long. 
700 # # |a Nguyễn Thị Thục Hiền. 
773 # # |t Tuyển tập các báo cáo hội nghị vật lý toàn quốc lần thứ VI tập I: vật lý lý thuyết, quang học quang phổ  |g 2006, tr. 215-218 
920 # # |a Phòng Tạp chí -- Trung tâm Thông tin - Thư viện Trường Đại học Đà Lạt 
994 # # |a DLU 
900 # # |a True 
911 # # |a Trương Thị Mỹ Lệ 
925 # # |a G 
926 # # |a A 
927 # # |a BB 
980 # # |a Thư viện Trường Đại học Đà Lạt